Cities with More People than Sweden - Statistics

General Stats
  • This quiz has been taken 40 times
  • The average score is 22 of 32
Answer Stats
Cities Pop. ~ % Correct
T Tokyo 37,000,000
97%
D Delhi 35,500,000
92%
M Mexico City 23,000,000
89%
S Shanghai 31,000,000
86%
B Beijing 22,900,000
84%
J Jakarta 11,800,000
84%
M Mumbai 22,500,000
84%
R Rio de Janeiro 14,000,000
84%
C Cairo 23,500,000
81%
L Lagos 17,800,000
78%
S Sao Paulo 23,100,000
78%
M Manila 15,500,000
76%
M Moscow 12,700,000
76%
O Osaka 18,900,000
76%
B Bangkok 11,500,000
70%
I Istanbul 16,400,000
70%
B Buenos Aires 15,900,000
68%
K Kinshasa 18,600,000
68%
K Kolkata 16,100,000
68%
D Dhaka 25,400,000
65%
G Guangzhou 15,100,000
65%
K Karachi 18,500,000
62%
C Chennai 12,600,000
59%
P Paris 11,400,000
59%
B Bangalore 14,700,000
57%
L Lima 11,700,000
57%
B Bogota 11,900,000
54%
L Lahore 15,200,000
51%
S Shenzhen 13,800,000
49%
T Tianjin 14,900,000
49%
C Chongqing 18,500,000
46%
H Hyderabad 11,600,000
35%
No matching quizzes found
Score Distribution
Percent of People with Each Score
Percentile by Number Answered
Your Score History
You have not taken this quiz